Stato personale delle Pie Discepole del Divin Maestro (Record n. 104359)

Dettagli MARC
000 -LEADER
fixed length control field 00589nam a22001697a 4500
003 - CONTROL NUMBER IDENTIFIER
control field IT-RoPau
005 - DATE AND TIME OF LATEST TRANSACTION
control field 20220918181220.0
008 - FIXED-LENGTH DATA ELEMENTS--GENERAL INFORMATION
fixed length control field 140512b xxu||||| |||| 00| 0 eng d
040 ## - CATALOGING SOURCE
Transcribing agency IT-RoPau
100 ## - MAIN ENTRY--PERSONAL NAME
Personal name Pie Discepole del Divin Maestro
9 (RLIN) 24683
245 ## - TITLE STATEMENT
Title Stato personale delle Pie Discepole del Divin Maestro
260 ## - PUBLICATION, DISTRIBUTION, ETC. (IMPRINT)
Place of publication, distribution, etc. Roma
Name of publisher, distributor, etc. Casa Generalizia Suore Pie Discepole del Divin Maestro
Date of publication, distribution, etc. 1995
300 ## - PHYSICAL DESCRIPTION
Extent 44 pp.
Dimensions 21 cm
490 ## - SERIES STATEMENT
Series statement Stato personale PDDM
Volume/sequential designation Marzo 1995
520 ## - SUMMARY, ETC.
Summary, etc. Indice<br/><br/>Professe Perpetue<br/>Professe Temporanee<br/>Membri Assenti<br/>Sorelle Defunte
942 ## - ADDED ENTRY ELEMENTS (KOHA)
Source of classification or shelving scheme Dewey Decimal Classification
Koha item type LIBRO
Dati di copia
Withdrawn status Lost status Source of classification or shelving scheme Damaged status Not for loan Home library Current library Date acquired Total Checkouts Full call number Date last seen Price effective from Koha item type
    Dewey Decimal Classification Buone Condizioni Not For Loan PAULUS-BIBLIOTECA PAULUS-BIBLIOTECA 12/05/2014   P D5 12/05/2014 12/05/2014 LIBRO
CREDITS: SOCIETA' SAN PAOLO Via A.Severo, 58 - ROMA (RM) & PERIODICI SAN PAOLO SRL Via Giotto, 36 MILANO & CISF Via Giotto, 36 MILANO & EDIZIONI SAN PAOLO SRL,  Piazza Soncino, 5 CINISELLO BALSAMO (MI) -- ITALY